| 000 | 01284nam a22003737a 4500 | ||
|---|---|---|---|
| 001 | 213 | ||
| 003 | FISKH | ||
| 005 | 20230821162253.0 | ||
| 008 | 230306b cb ||||| |||| 00| 0 eng d | ||
| 020 |
_a067982412X : _c$2.99 ($3.99 Can.) |
||
| 020 | _a0679924124 (lib. bdg.) | ||
| 040 |
_aDLC _cDLC _dDLC _dFISKH _beng |
||
| 050 | 0 | 0 |
_aPZ7.O81167 _bKn 1993 |
| 082 | 0 | 0 |
_a813.54 _220 |
| 100 | 1 | _aOsborne, Mary Pope. | |
| 245 | 1 | 4 |
_aThe knight at dawn / _cby Mary Pope Osborne ; illustrated by Sal Murdocca. |
| 260 |
_aNew York : _bScholastic _c1993. |
||
| 300 |
_a65 p. : _bill. ; _c20 cm. |
||
| 490 | 1 |
_aThe Magic tree house series ; _v#2 |
|
| 500 | _a"A First stepping stone book." | ||
| 505 | _aH | ||
| 520 | _aEight-year-old Jack and his younger sister Annie use the magic treehouse to travel back to the Middle Ages, where they explore a castle and are helped by a mysterious knight. | ||
| 521 |
_a500
_bLexile |
||
| 521 |
_aH _bLexile |
||
| 650 | 1 |
_aTime travel _xFiction. |
|
| 650 | 1 |
_aCastles _xFiction. |
|
| 650 | 1 |
_aMiddle Ages _xFiction. |
|
| 650 | 1 |
_aKnights and knighthood _xFiction. |
|
| 650 | 1 |
_aMagic _xFiction. |
|
| 650 | 1 |
_aTree houses _xFiction. |
|
| 700 | 1 |
_aMurdocca, Sal, _eill. |
|
| 906 |
_a7 _bcbc _corignew _d1 _eocip _f19 _gy-gencatlg |
||
| 942 |
_2ddc _cBK _n0 |
||
| 999 |
_c213 _d213 |
||